00707nam a22002057a 450000500170000001000130001702000220003003500130005203700160006504000120008108200160009310000190010924501170012826000460024527000620029130000320035350000190038565000480040465000490045220170124110158.0 aB-011530 c00.00a0195653920 aB-011530 bCen Lib/Ret aDPLbEN a071.54bJEF aJeffrey, Robin aIndia's newspaper revolution :cby Robin Jeffreybcapitalism, politics, and the Indian-language press, 1977-99 / aNew Delhi bOxford University Pressc2000 bNew Delhi e110001aYMCA Library Building, Jai Singh Road axxi,234p. :c22cm(Hb)bill. aIncludes index aIndic newspapers -- History -- 20th century aPress -- India -- History -- 20th centuryv